| 000 | 00739nas a2200253 4500 | ||
|---|---|---|---|
| 001 | BR5400331 | ||
| 003 | BR-BrBNA | ||
| 005 | 20231205081949.0 | ||
| 007 | ta | ||
| 008 | 230509b bl.|||p| |||| 00| 00por d | ||
| 040 |
_aBR-BrBNA _bpor _cBiblioteca Nacional de Agricultura |
||
| 041 | _a(Pt) | ||
| 072 | _aL73 | ||
| 100 | 1 | _aAlice, F.J. | |
| 100 | 1 | _aMedeiros Netto, R.R. de | |
| 100 | 1 | _aRibeiro, M.B. | |
| 245 | 1 | _aOcorrencia da doenca de newcastle na Bahia [Brasil] | |
| 650 | _aAVE DOMESTICA | ||
| 650 | _aNEWCASTLE | ||
| 650 | _aBAHIA | ||
| 773 | 0 |
_tBoletim do Instituto Biologico da Bahia (Brazil) _xISSN 0020-3641 _g(1956), v. 3(1) p. 124-131 _wBR5400331 |
|
| 909 |
_a202311 _bLúcia _c55 _dLúcia Elande |
||
| 942 |
_2AGRIS _n0 _cANA |
||
| 999 |
_c88173 _d88173 |
||